[Event "Geneva Masters KO 2013"]
[Site "Geneve SUI"]
[Date "2013.06.29"]
[Round "1.2"]
[White "Nakamura,Hi"]
[Black "Kramnik,V"]
[Result "1/2-1/2"]
[WhiteElo "2784"]
[BlackElo "2803"]

1.e4 e5 2.Nf3 Nc6 3.Bb5 Nf6 4.O-O Nxe4 5.Re1 Nd6 6.Nxe5 Be7 7.Bf1 Nxe5 8.Rxe5 O-O
9.d4 Bf6 10.Re1 Re8 11.Rxe8+ Nxe8 12.c3 d5 13.Bd3 c6 14.Bf4 g6 15.Nd2 Ng7
16.Qc2 Bf5 17.Re1 Qd7 18.Bxf5 Qxf5 19.Qxf5 Nxf5 20.Nf3 Ng7 21.Bg5 Bxg5 22.Nxg5 f6
23.Nf3 Kf7 24.g3 a5 25.Kf1 Nf5 26.Ke2 a4 27.Kd3 Nd6 28.Nd2 b5 29.Re2 g5 30.Nf1 h5
31.Ne3 Rh8 32.Nc2 Nc8 33.Nb4 Ne7 34.f3 h4 35.g4 Ng6 36.Kd2 Nf4 37.Re1 Rc8
38.Nd3 Ne6 39.Ke3 Re8 40.Kf2 Nf4 41.Nxf4 Rxe1 42.Kxe1 gxf4 43.b4 h3  1/2-1/2

[Event "Geneva Masters KO 2013"]
[Site "Geneve SUI"]
[Date "2013.06.29"]
[Round "1.4"]
[White "Kramnik,V"]
[Black "Nakamura,Hi"]
[Result "1-0"]
[WhiteElo "2803"]
[BlackElo "2784"]

1.c4 b6 2.Nf3 Bb7 3.Nc3 e6 4.e4 g6 5.d4 Bg7 6.Be2 Ne7 7.O-O d6 8.Be3 Nd7
9.Qd2 h6 10.d5 e5 11.b4 f5 12.c5 bxc5 13.bxc5 dxc5 14.Rab1 Rb8 15.Bb5 O-O
16.d6 cxd6 17.Qxd6 Nb6 18.Bxc5 Bf6 19.Nxe5 Qxd6 20.Bxd6 Kg7 21.exf5 Rbc8
22.Bxe7 Bxe7 23.Nxg6 Rxc3 24.Nxe7 Kf6 25.Rfe1 Rd8 26.a4 Ra3 27.Re6+ Kf7 28.Rbe1 Nxa4
29.Rxh6 Be4 30.Bc4+ Kxe7 31.Rxe4+ Kd7 32.Rd4+ Kc7 33.Rh7+  1-0

[Event "Geneva Masters KO 2013"]
[Site "Geneve SUI"]
[Date "2013.06.29"]
[Round "1.3"]
[White "Nakamura,Hi"]
[Black "Kramnik,V"]
[Result "1/2-1/2"]
[WhiteElo "2784"]
[BlackElo "2803"]

1.d4 Nf6 2.Nc3 d5 3.Bg5 c6 4.Bxf6 exf6 5.e3 f5 6.Bd3 g6 7.Nf3 Nd7 8.O-O Bd6
9.Ne2 O-O 10.c4 dxc4 11.Bxc4 Qe7 12.Nc3 Nf6 13.Nd2 Rd8 14.Re1 Bc7 15.Qb3 b5
16.Be2 Be6 17.Qc2 Rac8 18.Nb3 Bd6 19.Bf3 h5 20.Rad1 a6 21.e4 fxe4 22.Nxe4 Nxe4
23.Bxe4 Qf6 24.Nc5 Bxc5 25.dxc5 Rxd1 26.Rxd1 Bxa2 27.b3 Qe6 28.Qxa2 Qxe4
29.Qxa6 Re8 30.h3 Qc2 31.Qa1 Qxc5 32.Qf6 Qc2 33.Rd7 Qxb3 34.Qxc6 Qb1+ 35.Kh2 Qf5
36.Rd1 Qe5+ 37.g3 b4 38.Rd7 Qf5 39.Rd2 Rb8 40.Qc7 Qc8 41.Qe5 b3 42.Rb2 Qb7
43.h4 Qb5 44.Qc3 Qb6 45.Qe5 Rc8 46.Qe4 Qf6 47.Rxb3 Qxf2+ 48.Qg2 Qd4 49.Qe2 Qd6
50.Rd3 Qc7 51.Re3 Qb8 52.Re4 Qa8 53.Re3 Rb8 54.Re7 Qc6 55.Re3 Qa4 56.Re4 Qc6
57.Re3 Kg7 58.Rf3 Qe6 59.Qxe6 fxe6 60.Kg2 Rb2+ 61.Kf1 Rc2 62.Ke1 Rc5 63.Ke2 Rf5
64.Ra3 Kf6 65.Ra8 Ke5 66.Ke3 g5 67.hxg5 Rxg5 68.Kf3 Rf5+ 69.Ke3 Kf6 70.Rh8 Kg7
71.Re8 Kf7 72.Rh8 Kf6 73.Rf8+ Ke5 74.Rg8 Kf6 75.g4 Re5+ 76.Kf4 hxg4 77.Rxg4 Re1
78.Kf3 e5 79.Ra4 Kf5 80.Rb4 e4+ 81.Kf2 Ra1 82.Rb8 Ra2+ 83.Ke3 Ra3+ 84.Ke2  1/2-1/2

[Event "FIDE World Cup 2013"]
[Site "Tromso NOR"]
[Date "2013.08.11"]
[Round "1.6"]
[White "Cori T.,D"]
[Black "Nakamura,Hi"]
[Result "0-1"]
[WhiteElo "2434"]
[BlackElo "2772"]

1.d4 Nf6 2.c4 e6 3.Nf3 Bb4+ 4.Bd2 c5 5.e3 O-O 6.Bd3 b6 7.O-O Bb7 8.Nc3 cxd4
9.exd4 d5 10.cxd5 Nxd5 11.Qc2 Nf6 12.Ne4 Bxd2 13.Nxf6+ Qxf6 14.Bxh7+ Kh8
15.Be4 Rc8 16.Qd3 Bxe4 17.Qxe4 Nc6 18.Nxd2 Qxd4 19.Rfd1 Qxb2 20.Nc4 Qb4 21.Rab1 Qa4
22.Qe2 Rd8 23.Nd6 Kg8 24.Rbc1 Ne7 25.Qf3 Nf5 26.Rc7 Rab8 27.Rc4 Qxa2  0-1

[Event "FIDE World Cup 2013"]
[Site "Tromso NOR"]
[Date "2013.08.12"]
[Round "2.6"]
[White "Nakamura,Hi"]
[Black "Cori T.,D"]
[Result "1-0"]
[WhiteElo "2772"]
[BlackElo "2434"]

1.d4 Nf6 2.c4 g6 3.Nc3 d5 4.cxd5 Nxd5 5.e4 Nxc3 6.bxc3 Bg7 7.Qa4+ Nd7 8.Be3 O-O
9.Rc1 e5 10.Nf3 c6 11.Be2 exd4 12.cxd4 Nf6 13.Nd2 Re8 14.Bd3 Ng4 15.O-O Be6
16.Nf3 Nxe3 17.fxe3 a5 18.Qc2 Kh8 19.h4 f6 20.Qf2 Bg4 21.Qg3 Qd7 22.a4 f5
23.Ng5 h6 24.Nf7+ Qxf7 25.Qxg4 Qb3 26.Qe2 Qxa4 27.e5 Rad8 28.Bc4 Rf8 29.h5 g5
30.Bd3 Qa3 31.Rcd1 Qe7 32.Rxf5 Rxf5 33.Bxf5 c5 34.Bc2 a4 35.Qf3 cxd4 36.exd4 b5
37.Qe4 Bf8 38.d5 b4 39.d6 Qa7+ 40.Kh1 b3 41.Bd3 a3 42.Qf5 Qg7 43.Bc4 a2 44.Bxb3 Bxd6
45.Bxa2 Rf8 46.Qe6 Bxe5 47.Bb1 Qf6 48.Qxf6+ Rxf6 49.g4 Rd6 50.Re1 Kg7 51.Kg2 Kf6
52.Rc1 Rb6 53.Bd3 Bf4 54.Rc5 Rd6 55.Bf5 Be3 56.Rc7 Bb6 57.Rb7 Ke5 58.Kf3 Kd4
59.Re7 Rc6 60.Ke2 Bc5 61.Re4+ Kd5 62.Re8 Ra6 63.Rd8+ Ke5 64.Rc8 Kd4 65.Re8 Ra2+
66.Kd1 Ra6 67.Bg6 Kc3 68.Ke2 Ra2+ 69.Kf3 Ra4 70.Be4 Ra3 71.Bf5 Kd4+ 72.Ke2 Ra6
73.Rh8 Ke5 74.Kd3 Kf4 75.Kc4 Ba3 76.Re8 Kf3 77.Kd5 Bb2 78.Re6 Rxe6 79.Kxe6 Kf4
80.Kf7 Ke5 81.Kg7 Ba3 82.Kxh6 Kf6 83.Bg6 Bb2 84.Kh7 Ba3 85.Kg8 Bb4 86.Bf5 Bc3
87.h6 Ke7 88.h7  1-0

[Event "FIDE World Cup 2013"]
[Site "Tromso NOR"]
[Date "2013.08.14"]
[Round "2.1"]
[White "Nakamura,Hi"]
[Black "Safarli,E"]
[Result "1-0"]
[WhiteElo "2772"]
[BlackElo "2660"]

1.d4 Nf6 2.c4 g6 3.f3 e6 4.Nc3 d5 5.Bg5 h6 6.Bh4 Be7 7.Qd2 Nbd7 8.Bg3 c6
9.e4 dxe4 10.fxe4 Bb4 11.Bd3 e5 12.a3 Ba5 13.d5 cxd5 14.cxd5 Nc5 15.b4 Nxd3+
16.Qxd3 Bb6 17.Nf3 O-O 18.Nxe5 a5 19.b5 a4 20.Nc4 Bc5 21.O-O-O Bg4 22.Rd2 Qe7
23.d6 Qe6 24.Nd5 Nxd5 25.Qxd5 Rac8 26.Kb1 Qxd5 27.Rxd5 Be6 28.Rhd1 Bxd5 29.Rxd5 Bxd6
30.Nxd6 Rc3 31.Kb2 Rb3+ 32.Ka2 Rd8 33.Rd4 h5 34.Bh4 Rd7 35.Bf6 Kh7 36.e5  1-0

[Event "FIDE World Cup 2013"]
[Site "Tromso NOR"]
[Date "2013.08.17"]
[Round "3.1"]
[White "Adhiban,Baskaran"]
[Black "Nakamura,Hi"]
[Result "0-1"]
[WhiteElo "2567"]
[BlackElo "2772"]

1.e4 e5 2.Nf3 Nc6 3.Bb5 a6 4.Bxc6 dxc6 5.Nc3 f6 6.d4 exd4 7.Qxd4 Qxd4 8.Nxd4 Bd7
9.Be3 O-O-O 10.O-O-O Ne7 11.Nb3 b6 12.f4 Ng6 13.a3 c5 14.Rhf1 Bd6 15.Nd2 Rhe8
16.Nc4 Bf8 17.f5 Nh8 18.a4 Nf7 19.Bf4 b5 20.axb5 axb5 21.Nd2 Bc6 22.Rde1 Nd6
23.Bxd6 Bxd6 24.g3 Be5 25.Nd1 Kb7 26.Nf3 Bd6 27.Nf2 Ra8 28.Kd2 Ra2 29.Ra1 Rxa1
30.Rxa1 Bxe4 31.Nxe4 Rxe4 32.Kd3 Rb4 33.Kc3 Kc6 34.Rd1 g5 35.fxg6 hxg6 36.b3 g5
37.Rf1 g4 38.Nd2 Rd4 39.Nb1 Be5 40.Rf5 Rd8+ 41.Rxe5 b4+ 42.Kb2 fxe5  0-1

[Event "FIDE World Cup 2013"]
[Site "Tromso NOR"]
[Date "2013.08.18"]
[Round "3.2"]
[White "Nakamura,Hi"]
[Black "Adhiban,Baskaran"]
[Result "1-0"]
[WhiteElo "2772"]
[BlackElo "2567"]

1.d4 Nf6 2.c4 g6 3.Nc3 Bg7 4.e4 d6 5.Nf3 O-O 6.Be2 e5 7.dxe5 dxe5 8.Qxd8 Rxd8
9.Nd5 Nxd5 10.cxd5 c6 11.Bc4 b5 12.Bb3 Bb7 13.Bg5 Rd7 14.Rc1 a5 15.Ke2 h6
16.Be3 a4 17.dxc6 Nxc6 18.Bd5 Nd4+ 19.Bxd4 Bxd5 20.exd5 exd4 21.Rc5 Rb8 22.Kd3 Rdd8
23.Rhc1 Bf8 24.Ne5 Bxc5 25.Rxc5 Rd6 26.Kxd4 Kf8 27.f4 Ke8 28.h4 Kf8 29.g4 Ke8
30.g5 h5 31.Ke4 f6 32.Rc6 f5+ 33.Kd4 Rbd8 34.Rxd6 Rxd6 35.Kc5 Ke7 36.a3 Ra6
37.Nc6+ Ke8 38.Kd6 Kf7 39.Kc7 Ra8 40.d6  1-0

[Event "FIDE World Cup 2013"]
[Site "Tromso NOR"]
[Date "2013.08.20"]
[Round "4.1"]
[White "Nakamura,Hi"]
[Black "Korobov,A"]
[Result "1/2-1/2"]
[WhiteElo "2772"]
[BlackElo "2720"]

1.e4 c5 2.Nf3 d6 3.d4 cxd4 4.Nxd4 Nf6 5.Nc3 a6 6.Be2 e5 7.Nb3 Be7 8.O-O O-O
9.Be3 Be6 10.Qd2 Nbd7 11.a4 Rc8 12.Rfd1 Qc7 13.a5 Rfe8 14.f3 h6 15.Nc1 Bf8
16.Bf1 Red8 17.Qe1 Qc6 18.Qd2 Qc7 19.Qe1 Qc6 20.Qd2 Qc7  1/2-1/2

[Event "FIDE World Cup 2013"]
[Site "Tromso NOR"]
[Date "2013.08.21"]
[Round "4.2"]
[White "Korobov,A"]
[Black "Nakamura,Hi"]
[Result "1-0"]
[WhiteElo "2720"]
[BlackElo "2772"]

1.d4 d5 2.c4 c6 3.Nc3 e6 4.e3 Nd7 5.Nf3 f5 6.Bd3 Nh6 7.Qc2 a6 8.h3 Qf6 9.Be2 Nf7
10.g4 g6 11.gxf5 Qxf5 12.e4 dxe4 13.Nxe4 Nf6 14.Nxf6+ Qxf6 15.Bd2 Bg7 16.O-O-O O-O
17.Bb4 Re8 18.Ne5 b6 19.Ng4 Qf5 20.Bd3 Qh5 21.f4 Bb7 22.c5 b5 23.Ba5 Re7
24.Be4 Rf8 25.Bf3 Qf5 26.Qxf5 exf5 27.Ne5 Rc8 28.Rde1 Bh6 29.Bd2 Nd8 30.Bd1 Ne6
31.Bb3 Rce8 32.h4 Kg7 33.Bxe6 Rxe6 34.h5 Rh8 35.Kc2 Kg8 36.Rhg1 Bg7 37.hxg6 hxg6
38.Nxg6 Rxe1 39.Rxe1 Rh7 40.Ne7+ Kf7 41.d5 cxd5 42.c6 Ba8 43.c7 Bb7 44.c8=Q Bxc8
45.Nxc8 Rh6 46.Ne7 Rh2 47.b4  1-0

[Event "FIDE GP Paris"]
[Site "Elancourt FRA"]
[Date "2013.09.22"]
[Round "1.5"]
[White "Nakamura,Hi"]
[Black "Tomashevsky,E"]
[Result "1/2-1/2"]
[WhiteElo "2772"]
[BlackElo "2703"]

1.d4 d5 2.c4 e6 3.Nc3 c6 4.e4 dxe4 5.Nxe4 Bb4+ 6.Bd2 Qxd4 7.Bxb4 Qxe4+ 8.Be2 Na6
9.Bc3 f6 10.Qd6 Nh6 11.Bxf6 gxf6 12.O-O-O Qg6 13.Qd8+ Kf7 14.Qxh8 Nb4 15.Bh5 Nxa2+
16.Kd2 Qxh5 17.Qxh7+ Kf8 18.Qh8+ Kf7 19.Qh7+ Kf8 20.Nf3 e5 21.Ke1 Bg4 22.h3 e4
23.Nd4 Re8 24.Qh8+ Kf7 25.Qh7+ Kf8 26.Ra1 e3 27.Qh8+ Kf7 28.Qh7+ Kf8 29.Qh8+ Kf7
30.Qh7+  1/2-1/2

[Event "FIDE GP Paris"]
[Site "Elancourt FRA"]
[Date "2013.09.23"]
[Round "2.3"]
[White "Dominguez Perez,L"]
[Black "Nakamura,Hi"]
[Result "1/2-1/2"]
[WhiteElo "2757"]
[BlackElo "2772"]

1.e4 e5 2.Nf3 Nc6 3.Bb5 a6 4.Ba4 Nf6 5.O-O Nxe4 6.d4 b5 7.Bb3 d5 8.dxe5 Be6
9.Be3 Be7 10.c3 Nc5 11.Bc2 Nd7 12.Re1 Ndxe5 13.Nxe5 Nxe5 14.Bd4 Ng6 15.Bxg7 Rg8
16.Bxg6 Rxg7 17.Rxe6 hxg6 18.Re2 Kf8 19.Nd2 Rh7 20.Nf3 Bf6 21.Qd3 Kg7 22.a4 c6
23.h3 Rh8 24.Ne5 Qd6 25.Ng4 Rhe8 26.axb5 axb5 27.Rxa8 Rxa8 28.g3 Kg8 29.Nxf6+ Qxf6
30.Kg2 Kg7 31.b4 Ra3 32.Re3 Rxc3 33.Qxc3 d4 34.Qc5 dxe3 35.fxe3 Qb2+ 36.Kf3 Qh2
37.Qd4+ Kg8 38.Qd8+ Kg7 39.Qd4+ f6 40.Qd7+ Kh6 41.Qe8 Qh1+ 42.Kf2 Qh2+ 43.Kf3 Qh1+
44.Kf2 Qh2+  1/2-1/2

[Event "FIDE GP Paris"]
[Site "Elancourt FRA"]
[Date "2013.10.02"]
[Round "9.3"]
[White "Nakamura,Hi"]
[Black "Ponomariov,R"]
[Result "1/2-1/2"]
[WhiteElo "2772"]
[BlackElo "2756"]

1.d4 Nf6 2.c4 e6 3.Nc3 Bb4 4.Qc2 d5 5.a3 Bxc3+ 6.Qxc3 Ne4 7.Qc2 c5 8.dxc5 Nc6
9.e3 Qa5+ 10.Bd2 Nxd2 11.Qxd2 dxc4 12.Qxa5 Nxa5 13.Rc1 b5 14.cxb6 Bb7 15.Nf3 Ke7
16.Nd2 axb6 17.Bxc4 Rhd8 18.Bb5 Rac8 19.Rc3 Rxc3 20.bxc3 Rc8 21.c4 Bxg2 22.Rg1 Bd5
23.Rg4 h5 24.Rh4 Bc6 25.Rxh5 Bxb5 26.Rxb5 Nxc4 27.Nxc4 Rxc4 28.Rxb6 Rh4 29.Ke2 Rxh2
30.a4 Rh4 31.a5 Ra4 32.a6 Ra2+ 33.Kf3 f5 34.Rb7+ Kf6 35.a7 g5 36.Kg3 Ra3
37.f3 g4 38.fxg4 Rxe3+ 39.Kf4 Re4+ 40.Kf3 Ra4 41.gxf5 exf5 42.Rc7 Ke5 43.Re7+ Kd6
44.Re8 Rxa7 45.Kf4 Re7 46.Rxe7 Kxe7 47.Kxf5  1/2-1/2

[Event "29th ECC Open 2013"]
[Site "Rhodes GRE"]
[Date "2013.10.21"]
[Round "2.1"]
[White "Solak,D"]
[Black "Nakamura,Hi"]
[Result "1/2-1/2"]
[WhiteElo "2611"]
[BlackElo "2783"]

1.e4 c5 2.Nf3 d6 3.d4 cxd4 4.Nxd4 Nf6 5.Nc3 a6 6.Bg5 Nbd7 7.Qe2 g6 8.O-O-O Bg7
9.h4 h5 10.Kb1 Qc7 11.f4 Nb6 12.f5 Ng4 13.Rh3 Qc5 14.Nb3 Qf2 15.Qd3 Ne5 16.Qd4 Qxd4
17.Nxd4 Nc6 18.Nce2 Nc4 19.c3 Nxd4 20.Nxd4 Ne5 21.Bd3 Nxd3 22.Rhxd3 Bd7 23.fxg6 fxg6
24.Rf1 e5 25.Ne2 Rf8 26.Rxf8+ Bxf8 27.c4 Be6 28.b3 Be7 29.Nc3 Rc8 30.Nd5 Bxg5
31.hxg5 b5 32.cxb5 axb5 33.Nf6+ Ke7 34.a3 b4 35.axb4 Rb8 36.Kb2 Rxb4 37.g3 Rb8
38.Rc3 Kd8 39.Ka3 Ra8+ 40.Kb2 Rb8 41.Ka3 Ra8+ 42.Kb2 Rb8  1/2-1/2

[Event "29th ECC Open 2013"]
[Site "Rhodes GRE"]
[Date "2013.10.22"]
[Round "3.1"]
[White "Caruana,F"]
[Black "Nakamura,Hi"]
[Result "1/2-1/2"]
[WhiteElo "2779"]
[BlackElo "2783"]

1.e4 e5 2.Nf3 Nc6 3.Bb5 Nf6 4.O-O Nxe4 5.d4 Nd6 6.Bxc6 dxc6 7.dxe5 Nf5 8.Qxd8+ Kxd8
9.h3 Bd7 10.Rd1 Kc8 11.g4 Ne7 12.Ng5 Be8 13.f4 b6 14.f5 c5 15.Nd2 h6 16.Ngf3 Bc6
17.Kf2 Kb7 18.b3 g6 19.f6 Nd5 20.Bb2 Nb4 21.Rdc1 a5 22.a3 Nd5 23.Kg3 g5 24.a4 Nb4
25.Nc4 Be4 26.Ne3 c4 27.bxc4 Rd8 28.Re1 Nxc2 29.Nxc2 Bxc2 30.e6 Bd6+ 31.Be5 Bb4
32.Rec1 Be4 33.e7 Rd3 34.Rf1 Re3 35.Rad1 Kc8 36.Bd4 Ra3 37.Rf2 Bc6 38.Bb2 Rb3
39.Be5 Bxa4 40.Rdf1 Bc6 41.Kh2 Bc5 42.Nd4 Bxd4 43.Bxd4 Rd3 44.Ba1 h5 45.gxh5 Rxh5
46.Rf3 Rd2+ 47.R3f2 Rxf2+ 48.Rxf2 g4 49.h4 Rxh4+ 50.Kg3 Rh1 51.Be5 Bd7 52.Re2 Rh3+
53.Kf4 a4 54.Bd4 Rh8 55.Bb2 Kb7 56.Re3 Kc6 57.Bd4 Rg8 58.Kg3 Ra8 59.Bb2 Rh8
60.Kf4 Rh2 61.Ba1 Rh1 62.Bb2 Rb1 63.Bd4 Be8 64.Kxg4 Rb4 65.Rc3 b5 66.Kf4 bxc4
67.Ke5 Rb5+ 68.Ke4 Rh5 69.Rxc4+ Kd6 70.Ke3 c5 71.Bc3 a3 72.Rg4 Rh3+ 73.Kd2 Rh2+
74.Ke3 a2 75.Rg1 Bb5 76.Rd1+ Ke6 77.Ba1 Kf5 78.Rd5+ Kg6 79.Rxc5 Rh1 80.Bb2 Be8
81.Ra5 Rh3+ 82.Kf4 Rh2 83.Rxa2 Re2 84.Kf3 Rh2 85.Ke3 Rxb2 86.Rxb2 Kxf6 87.Rb7 Ke6
88.Kf4 Bd7 89.Kg5 Kxe7 90.Ra7 Ke6 91.Rb7  1/2-1/2

[Event "29th ECC Open 2013"]
[Site "Rhodes GRE"]
[Date "2013.10.23"]
[Round "4.6"]
[White "Nakamura,Hi"]
[Black "Raznikov,D"]
[Result "1/2-1/2"]
[WhiteElo "2783"]
[BlackElo "2486"]

1.g3 e5 2.Bg2 Nf6 3.e4 Nc6 4.Nc3 Bc5 5.d3 a6 6.h3 d6 7.Nge2 Be6 8.Nd5 Nd4
9.Nxd4 Bxd4 10.c3 Ba7 11.Bg5 Bxd5 12.exd5 h6 13.Bd2 O-O 14.O-O Qd7 15.Kh2 Rfe8
16.Qb3 Rab8 17.Rae1 Qf5 18.Qc4 Bc5 19.Qh4 Qxd3 20.Bxh6 Qh7 21.Bg5 Qxh4 22.Bxh4 Nh7
23.Be4 g6 24.g4 Kg7 25.Kg2 Rh8 26.Bc2 Nf8 27.Bg5 f6 28.Bd2 g5 29.f4 gxf4
30.Bxf4 exf4 31.Re7+ Kg8 32.Rxf4 Rh6 33.Rxc7 Re8 34.Re4 Rh7 35.Rxe8 Rxc7
36.h4 Kf7 37.Rb8 Re7 38.Kf1 Kg7 39.h5 Be3 40.Bf5 a5 41.Rd8 Bf4 42.h6+ Bxh6
43.Rxd6 Kf7 44.Rb6 Be3 45.Rb5 b6 46.a4 Ra7 47.Ke2 Bg1 48.Kf1 Bc5 49.b4 axb4
50.cxb4 Bd4 51.d6 Ne6 52.a5 Nf4 53.Ke1 Ne6 54.axb6 Rb7 55.Kd2 Nd8 56.Kd3 Rxb6
57.Rxb6 Bxb6 58.Ke4 Bf2 59.Kd5 Ke8 60.Bg6+ Kd7 61.Bf5+ Ke8 62.Bg6+ Kf8 63.b5 Ba7
64.Bf5 Kf7 65.Bc2 Bb8 66.Bf5 Nb7 67.Be6+ Kf8 68.d7 Ke7 69.Bf5 Nd6 70.d8=Q+ Kxd8
71.Ke6 Nxf5 72.Kxf5 Ke7 73.b6 Bd6 74.b7 Bb8 75.g5 fxg5 76.Kxg5  1/2-1/2

[Event "29th ECC Open 2013"]
[Site "Rhodes GRE"]
[Date "2013.10.24"]
[Round "5.4"]
[White "Svidler,P"]
[Black "Nakamura,Hi"]
[Result "0-1"]
[WhiteElo "2740"]
[BlackElo "2783"]

1.d4 Nf6 2.c4 g6 3.Nc3 Bg7 4.e4 d6 5.h3 O-O 6.Bg5 Na6 7.f4 Nh5 8.Nge2 c5
9.d5 b5 10.cxb5 Nc7 11.a4 Rb8 12.g4 Nf6 13.Ng3 h6 14.Bh4 Nh7 15.Qd2 a6 16.Bc4 axb5
17.axb5 Bd7 18.e5 Bxb5 19.Nxb5 Nxb5 20.Qa5 Qe8 21.O-O g5 22.Nf5 gxh4 23.Rae1 dxe5
24.Rxe5 Bxe5 25.fxe5 e6 26.Nxh6+ Kg7 27.Qd2 Qd8 28.Rf6 Nd4 29.Nxf7 Nxf6  0-1

[Event "29th ECC Open 2013"]
[Site "Rhodes GRE"]
[Date "2013.10.25"]
[Round "6.7"]
[White "Nakamura,Hi"]
[Black "Papaioannou,I"]
[Result "1/2-1/2"]
[WhiteElo "2783"]
[BlackElo "2633"]

1.e4 c5 2.Nf3 d6 3.d4 cxd4 4.Nxd4 Nf6 5.Nc3 a6 6.Be3 e5 7.Nf3 Qc7 8.a4 Be7
9.a5 O-O 10.Qd3 Be6 11.Ng5 Nc6 12.Bb6 Qd7 13.Nxe6 fxe6 14.Qh3 Bd8 15.Bc4 Re8
16.Bxd8 Raxd8 17.O-O Nd4 18.Bd3 Qc7 19.Kh1 Nc6 20.f4 exf4 21.Rxf4 Ne5 22.Rff1 Qc5
23.Qg3 Rf8 24.Ne2 Rde8 25.h3 Nh5 26.Qh4 Rxf1+ 27.Rxf1 Nf6 28.Qg3 Kh8 29.Ra1 Qb4
30.Qe1 Qc5 31.b4 Qe3 32.Qg1 Qd2 33.Qe1 Qe3 34.Qg1 Qd2 35.Qe1 Qe3  1/2-1/2

[Event "29th ECC Open 2013"]
[Site "Rhodes GRE"]
[Date "2013.10.26"]
[Round "7.6"]
[White "Ostenstad,B"]
[Black "Nakamura,Hi"]
[Result "0-1"]
[WhiteElo "2465"]
[BlackElo "2783"]

1.d4 Nf6 2.Nf3 g6 3.c4 Bg7 4.Nc3 d6 5.e4 O-O 6.h3 e5 7.d5 a5 8.Bg5 Na6 9.Be2 Qe8
10.Nd2 Nd7 11.a3 f6 12.Bh4 Nb6 13.b3 Bh6 14.Rb1 Nc5 15.b4 axb4 16.axb4 Nca4
17.Nb5 Qd7 18.Qb3 Kh8 19.Nf3 f5 20.O-O fxe4 21.Nh2 Bf4 22.Bg4 Qg7 23.Bxc8 Rfxc8
24.Rfe1 g5 25.Bg3 Qg6 26.Rbd1 Nd7 27.Nf1 Nab6 28.Nc3 Nf6 29.c5 Nbd7 30.Qc4 Rd8
31.Nxe4 Nxe4 32.Rxe4 b5 33.cxb6 Nxb6 34.Qd3 Ra2 35.f3 Rda8 36.Bf2 Rb2 37.Bxb6 cxb6
38.Rb1 Rba2 39.Qc4 h5 40.g3 Qf5 41.g4 hxg4 42.fxg4 Bh2+  0-1

[Event "World Teams 2013"]
[Site "Antalya TUR"]
[Date "2013.12.05"]
[Round "9.3"]
[White "Nakamura,Hi"]
[Black "Giri,A"]
[Result "1/2-1/2"]
[WhiteElo "2786"]
[BlackElo "2732"]

1.d4 Nf6 2.c4 g6 3.Nc3 d5 4.Nf3 Bg7 5.Qb3 dxc4 6.Qxc4 O-O 7.e4 a6 8.e5 b5
9.Qb3 Nfd7 10.Be2 c5 11.e6 fxe6 12.Qxe6+ Kh8 13.dxc5 Ne5 14.Qd5 Qxd5 15.Nxd5 Nxf3+
16.Bxf3 Bb7 17.Be4 Rd8 18.Nf6 Nc6 19.Ng4 Na5 20.Bxb7 Nxb7 21.c6 Nd6 22.O-O Rac8
23.Bg5 Nf5 24.Ne3 Nxe3 25.fxe3 Rxc6 26.Bxe7 Re8 27.Rac1 Re6 28.Bc5 Bxb2 29.Bd4+ Bxd4
30.exd4 R8e7  1/2-1/2

[Event "5th Classic GpC 2013"]
[Site "London ENG"]
[Date "2013.12.11"]
[Round "1.2"]
[White "Jones,G"]
[Black "Nakamura,Hi"]
[Result "1/2-1/2"]
[WhiteElo "2654"]
[BlackElo "2786"]

1.e4 c5 2.Nf3 e6 3.g3 Nc6 4.Bg2 Nf6 5.d3 d6 6.O-O Be7 7.Re1 O-O 8.c3 Bd7
9.d4 cxd4 10.cxd4 d5 11.exd5 Nxd5 12.Nc3 Nxc3 13.bxc3 Rc8 14.Qd3 a6 15.h4 h6
16.Bf4 Na5 17.Ne5 Bb5 18.Qf3 Bd6 19.Qh5 Bxe5 20.dxe5 Bc6 21.Rad1 Qe7 22.Bf1 Rfd8
23.Rd6 Bb5 24.Bg2 Bc6 25.Bf1 Bd5 26.Qg4 Kh8 27.Qh5 Kg8 28.Qg4 Kf8 29.Qh5 Ke8
30.Qg4 Qf8 31.Rd1 g6 32.c4 Nxc4 33.Bxc4 Rxc4 34.Qe2 Rxd6 35.exd6 Kd7 36.Qb2 b5
37.Qf6 h5 38.Bh6 Qe8 39.Bf4 a5 40.a3 Bc6 41.Qe5 Qa8 42.Qf6 Qf8 43.Bh6 Qe8
44.Bg5 Bd5 45.Bf4 Kc6 46.Qe5 Qd7 47.Qh8 Kb7 48.Qf8 Rc8 49.Qg7 Bc6 50.Qd4 e5
51.Qxe5 Qh3 52.Rd5 Qd7 53.Rc5 Re8 54.Qc3 Re4 55.Qxa5 b4 56.Re5 Rxe5 57.Bxe5 bxa3
58.Qxa3 Qf5 59.Qb2+ Kc8 60.Kf1 Kd7 61.Ke1 Qe4+ 62.Kd2 Qc4 63.Qa1 Qd5+ 64.Qd4 Qa5+
65.Qc3 Qa2+ 66.Qb2 Qe6 67.Qd4 Qa2+ 68.Ke3 Qb3+ 69.Kf4 Qa4 70.Qxa4 Bxa4  1/2-1/2

[Event "5th Classic GpC 2013"]
[Site "London ENG"]
[Date "2013.12.11"]
[Round "2.2"]
[White "Polgar,Ju"]
[Black "Nakamura,Hi"]
[Result "0-1"]
[WhiteElo "2693"]
[BlackElo "2786"]

1.e4 e5 2.Nf3 Nc6 3.Bb5 a6 4.Ba4 Nge7 5.c3 g6 6.d4 exd4 7.cxd4 b5 8.Bb3 Bg7
9.Nc3 d6 10.a4 b4 11.Nd5 h6 12.a5 O-O 13.O-O Bg4 14.Be3 Rb8 15.Bc4 Nxd5 16.Bxd5 Qd7
17.Bc4 Qc8 18.Be2 Ne7 19.h3 Bd7 20.Qd2 Kh7 21.Rfc1 f5 22.e5 Nd5 23.Bc4 Nxe3
24.Qxe3 Qb7 25.Qb3 dxe5 26.Nxe5 Be8 27.Bd5 Qa7 28.Rd1 c5 29.Rac1 Rd8 30.Qf3 cxd4
31.Nc6 Bxc6 32.Rxc6 Rf6 33.Rxf6 Bxf6 34.Bc4 Qc7 35.Bxa6 Qxa5 36.Qb7+ Bg7
37.Re1 d3 38.Re7 Qa1+ 39.Kh2 Qxb2 40.Qc7 Rf8 41.Bxd3 Qc3 42.Qd7 b3 43.Bb1 b2
44.Ba2 h5 45.Qb7 Kh6 46.Re6 Be5+ 47.g3 f4 48.gxf4 Rxf4 49.Kg2 Qd4 50.f3 Qd2+
51.Kf1 Qd1+ 52.Kf2 Qd2+ 53.Kf1 Qe3 54.Rxg6+ Kxg6 55.Bb1+ Kf6 56.Qc6+ Kg5  0-1

[Event "5th Classic GpC 2013"]
[Site "London ENG"]
[Date "2013.12.12"]
[Round "4.2"]
[White "Nakamura,Hi"]
[Black "Jones,G"]
[Result "1-0"]
[WhiteElo "2786"]
[BlackElo "2654"]

1.b3 e5 2.Bb2 Nc6 3.e3 Nf6 4.Bb5 Bd6 5.Na3 e4 6.Ne2 Be5 7.Qc1 Qe7 8.Bxc6 dxc6
9.Nc4 Bxb2 10.Qxb2 Be6 11.Ng3 O-O-O 12.Qa3 Qxa3 13.Nxa3 Rd6 14.f3 Rhd8 15.O-O-O exf3
16.gxf3 Nd5 17.Nc4 R6d7 18.Ne5 Re7 19.Nd3 a5 20.Nh5 g6 21.Nhf4 b6 22.c4 Nxf4
23.Nxf4 c5 24.h4 Kb7 25.a4 Bd7 26.Kc2 Bc6 27.Rh3 Red7 28.Rg3 Rd6 29.d3 Rf6
30.Kd2 Rf5 31.Ke2 Re8 32.Kf2 Rfe5 33.e4 Rd8 34.Rdg1 Re7 35.h5 Re5 36.Ke3 Kc8
37.hxg6 hxg6 38.Nh3 Re7 39.f4 Red7 40.Nf2 Rd4 41.Rh3 Bd7 42.Rh7 Be6 43.Kd2 Kb7
44.Kc3 Kc8 45.Rg5 R4d7 46.Rg7 Rd6 47.Rh7 R6d7 48.Rg3 Rd4 49.Rf3 Rf8 50.Rg3 Bd7
51.Rh4 Rd8 52.Kc2 Be6 53.Nd1 Bd7 54.Nc3 Bc6 55.Ne2 R4d7 56.Re3 Kb7 57.Kc3 Kc8
58.Rh6 Kb7 59.Ng1 Rd6 60.Nf3 Rf6 61.f5 Re8 62.Nh4 Re5 63.Rg3 Be8 64.Nf3 Re7
65.Rg5 Rd6 66.e5 Rd8 67.f6 Red7 68.Ne1 Rd4 69.Rh7 Rf4 70.Rg3 Rf5 71.Re3 g5
72.Rg7 Bc6 73.Rxf7 Re8 74.e6 g4 75.e7 Kc8 76.Rf8 Kd7 77.d4 cxd4+ 78.Kxd4 Rf4+
79.Ke5 Rf1 80.Rd3+ Kc8 81.Rxe8+ Bxe8 82.Rd8+ Kb7 83.Rxe8 Rxe1+ 84.Kd4  1-0

[Event "5th Classic GpC 2013"]
[Site "London ENG"]
[Date "2013.12.13"]
[Round "5.1"]
[White "Gelfand,B"]
[Black "Nakamura,Hi"]
[Result "1/2-1/2"]
[WhiteElo "2777"]
[BlackElo "2786"]

1.d4 d5 2.c4 e6 3.Nf3 Nf6 4.Nc3 Be7 5.g3 O-O 6.Bg2 dxc4 7.Ne5 c5 8.dxc5 Qxd1+
9.Nxd1 Bxc5 10.Ne3 Nbd7 11.N5xc4 Rb8 12.a3 b6 13.b4 Bd4 14.Rb1 Bb7 15.Bxb7 Rxb7
16.Nd6 Rbb8 17.Nb5 Bxe3 18.Bxe3 Nd5 19.Nxa7 Nxe3 20.fxe3 Ne5 21.Nb5 Rfd8
22.Kf2 Ng4+ 23.Kf3 Ne5+ 24.Kf2 Ng4+ 25.Kf3 Ne5+  1/2-1/2

[Event "5th Classic GpC 2013"]
[Site "London ENG"]
[Date "2013.12.13"]
[Round "6.1"]
[White "Nakamura,Hi"]
[Black "Polgar,Ju"]
[Result "1/2-1/2"]
[WhiteElo "2786"]
[BlackElo "2693"]

1.d4 Nf6 2.Bg5 Ne4 3.Bf4 d5 4.e3 c5 5.Bd3 Nc6 6.Bxe4 dxe4 7.d5 e5 8.Bg3 Ne7
9.Nc3 f6 10.Qd2 Bf5 11.f3 Nc8 12.f4 exf4 13.Bxf4 Nd6 14.Nge2 Nc4 15.Qc1 Bd6
16.O-O Bg6 17.Ng3 Qe7 18.b3 Be5 19.Bxe5 Qxe5 20.Ncxe4 Nb6 21.Nxc5 Nxd5 22.Nd3 Bxd3
23.cxd3 O-O 24.e4 Qd4+ 25.Kh1 Rac8 26.Qd2 Ne3 27.Rfc1 Ng4 28.h3 Qxd3 29.Qf4 Qe3
30.Qxe3 Nxe3 31.Rxc8 Rxc8 32.Re1 Rc3 33.e5 Nc2 34.Rc1 fxe5 35.Nf5 b5 36.Ne3 Rxe3
37.Rxc2 Re1+ 38.Kh2 Ra1 39.Kg3 a5 40.Rc5 Rxa2 41.Rxb5 Ra3 42.Kf2 e4 43.b4 a4
44.Re5 e3+ 45.Kf3 Rb3 46.b5 a3 47.Re8+ Kf7 48.Ra8 Kf6 49.b6 Kg5 50.Ra5+ Kf6
51.b7 Rxb7 52.Rxa3 h5  1/2-1/2

[Event "5th Classic KO 2013"]
[Site "London ENG"]
[Date "2013.12.14"]
[Round "1.2"]
[White "Nakamura,Hi"]
[Black "Short,N"]
[Result "1/2-1/2"]
[WhiteElo "2786"]
[BlackElo "2683"]

1.b3 d5 2.Bb2 c5 3.e3 Nf6 4.Nf3 Bg4 5.h3 Bh5 6.Bb5+ Nfd7 7.O-O Nc6 8.Be2 e6
9.d4 Be7 10.dxc5 Nxc5 11.Nd4 Bxe2 12.Qxe2 O-O 13.Nxc6 bxc6 14.c4 Bf6 15.Bxf6 Qxf6
16.Nd2 a5 17.Rac1 Qe7 18.cxd5 cxd5 19.Qb5 Nb7 20.Rc6 Qb4 21.Qxb4 axb4 22.Ra1 Rfb8
23.e4 Na5 24.Rcc1 dxe4 25.Nxe4 h6 26.Nc5 Rb5 27.Na4 Rd8 28.Rc5 Rxc5 29.Nxc5 Nc6
30.Rc1 Ne5 31.Na6 Rd4 32.Kf1 g5 33.Ke2 Nd3 34.Rc8+ Kh7 35.g3 Rd6 36.Rc2 Kg6
37.Nc5 Ne5 38.Rd2 Rc6 39.Nd3 Nxd3 40.Rxd3 Ra6 41.Rd4 Rxa2+ 42.Kf1 h5 43.Rxb4 Rb2
44.g4 h4 45.Rb6 Kf6 46.Rb7 Kg6 47.Rb6 Kf6 48.Rb7 Kg6  1/2-1/2

[Event "5th Classic KO 2013"]
[Site "London ENG"]
[Date "2013.12.14"]
[Round "1.1"]
[White "Short,N"]
[Black "Nakamura,Hi"]
[Result "0-1"]
[WhiteElo "2683"]
[BlackElo "2786"]

1.e4 c5 2.Nc3 Nc6 3.g3 g6 4.Bg2 Bg7 5.d3 d6 6.Nge2 Rb8 7.a3 b5 8.O-O e6 9.Be3 b4
10.axb4 cxb4 11.Na4 Nge7 12.Qd2 O-O 13.Bh6 Bxh6 14.Qxh6 a5 15.b3 Kh8 16.Ra2 e5
17.Qe3 Qc7 18.Nb2 Bg4 19.f3 Be6 20.Nc4 d5 21.exd5 Nxd5 22.Qc5 Rfc8 23.Re1 Qd8
24.Qf2 Nc3 25.Nxc3 Bxc4 26.bxc4 bxc3 27.Ra3 Rb2 28.Rxc3 Qd4 29.Qxd4 Nxd4
30.Rxe5 a4 31.f4 Nb5 32.Rxb5 Rxb5 33.Ra3 Rb2 34.Rxa4 Rxc2 35.Bd5 Rb8 36.Ra8 Rxa8
37.Bxa8 Rd2 38.Be4 f5 39.Bg2 Rxd3 40.c5 Rc3 41.c6 Rc1+ 42.Kf2 Rc2+ 43.Kg1 Kg7
44.Bf3 Kf6 45.h4 Ke6 46.Kf1 Kd6 47.Ke1 Kc5 48.Kf1 Kd4 49.Kg1 Ke3 50.Bd5 Rc5
51.c7 Rxc7 52.Ba8 h6 53.Kg2 Rg7 54.Bd5 g5 55.hxg5 hxg5 56.fxg5 Rxg5 57.Bf3 f4
58.g4 Rc5 59.Bb7 Rc2+ 60.Kh3 f3  0-1